000 01188nab a22002657a 4500
999 _c6046
_d6046
003 OSt
005 20260118215505.0
008 190605e xxu||||| |||| 00| 0 spa d
040 _cPJ
100 _94574
_aGabet, Emiliano A.
245 1 3 _aEl despido discriminatorio por maternidad. Prevalencia de la tutela especial frente al régimen general y sus límites constitucionales /
_cEmiliano A. Gabet.
260 _aCiudad Autónoma de Buenos Aires :
_bThomson Reuters La Ley,
_c2025.
300 _ap. 147-150
500 _aCita: TR LALEY AR/DOC/2665/2025.
505 _aFallo comentado: NTrab., sala X ~ 29/08/2025 ~ Elías, Vanesa Cristina c. AC24 S.A. y otro s/ despido.
505 _t¿Te interesa el texto completo? Solicitalo al correo: koha@justierradelfuego.gov.ar
650 0 _91316
_aDERECHO LABORAL
650 0 _91533
_aDESPIDO
650 0 _94973
_aPROTECCION DE LA MATERNIDAD
650 0 _aDISCRIMINACION LABORAL
_91577
650 0 _aIUS VARIANDI
_91344
650 0 _aCARGA DE LA PRUEBA
_93927
773 0 _02711
_93168
_dCiudad Autónoma de Buenos Aires : Thomson Reuters La Ley, 1999-2002.
_tRevista de derecho del trabajo. Nº 6 - Noviembre 2025
942 _2udc
_cANA